Statistics for Top country producers per product

Click here to take the quiz!

General Stats

  • This quiz has been taken 42 times
    (29 since last reset)
  • The average score is 4 of 10

Answer Stats

ProductTop producing country% Correct
TeaChina
96%
CoffeeBrazil
92%
Olive oilSpain
52%
BananaIndia
40%
StrawberryUnited States
40%
FlowersNetherlands
36%
CocoaIvory coast
32%
DiamondRussia
20%
Iron (ore)Australia
12%
Black pepperVietnam
0%

Score Distribution

Percentile by Number Answered

Percent of People with Each Score

Your Score History

You have not taken this quiz since the last reset